<?xml version="1.0" encoding="UTF-8"?>
<collection xmlns="http://www.loc.gov/MARC21/slim">
 <record>
  <leader>07287nam a2200589 a 4500</leader>
  <controlfield tag="001">kal2394</controlfield>
  <controlfield tag="003">Gr-AtHEAL</controlfield>
  <controlfield tag="005">20160421100326.0</controlfield>
  <controlfield tag="006">m        d        </controlfield>
  <controlfield tag="008">160413s2015    gr      s           gre|c</controlfield>
  <datafield tag="020" ind1=" " ind2=" ">
   <subfield code="a">9789606034442</subfield>
  </datafield>
  <datafield tag="040" ind1=" " ind2=" ">
   <subfield code="a">GR-AtHEAL</subfield>
   <subfield code="b">gre</subfield>
   <subfield code="c">GR-AtHEAL</subfield>
  </datafield>
  <datafield tag="082" ind1="0" ind2="4">
   <subfield code="a">306,4</subfield>
   <subfield code="2">23</subfield>
  </datafield>
  <datafield tag="100" ind1="1" ind2=" ">
   <subfield code="a">Πούλιος, Ιωάννης.</subfield>
   <subfield code="8">181</subfield>
  </datafield>
  <datafield tag="245" ind1="1" ind2="0">
   <subfield code="a">Πολιτισμική διαχείριση, τοπική κοινωνία και βιώσιμη ανάπτυξη</subfield>
   <subfield code="h">[Ηλεκτρονικός πόρος] </subfield>
   <subfield code="c">Πούλιος, Ιωάννης [και εννέα άλλοι] ;  Κριτικός αναγνώστης, Πρέπης, Αλκιβιάδης.</subfield>
  </datafield>
  <datafield tag="260" ind1=" " ind2=" ">
   <subfield code="a">Αθήνα :</subfield>
   <subfield code="b">Σύνδεσμος Ελληνικών Ακαδημαϊκών Βιβλιοθηκών,</subfield>
   <subfield code="c">c2015.</subfield>
  </datafield>
  <datafield tag="490" ind1=" " ind2=" ">
   <subfield code="a">Ακαδημαϊκά Ηλεκτρονικά Συγγράμματα και Βοηθήματα Κάλλιπος</subfield>
   <subfield code="8">40</subfield>
  </datafield>
  <datafield tag="500" ind1=" " ind2=" ">
   <subfield code="a">Υπάρχουν εννέα συν-συγγραφείς</subfield>
  </datafield>
  <datafield tag="520" ind1=" " ind2=" ">
   <subfield code="a">ΠλαίσιοΗ πολιτισμική διαχείριση είναι ένας σχετικά νέος επιστημονικός και επαγγελματικός κλάδος στην Ελλάδα. Η βιώσιμη ανάπτυξη συνιστά ένα πολύπλοκο όσο και επίκαιρο ζήτημα, με διεθνή αναφορά αλλά και ειδική ελληνική βαρύτητα ιδίως την τρέχουσα περίοδο της κρίσης.Παρά τη σημασία του ζητήματος, η ελληνική βιβλιογραφία, ιδίως σε επίπεδο προπτυχιακών πανεπιστημιακών συγγραμμάτων, παρουσιάζεται ελλιπής.Στόχος του προτεινόμενου εγχειριδίου είναι η μελέτη της σχέσης ανάμεσα στην πολιτισμική διαχείριση και τη βιώσιμη ανάπτυξη, με εστίαση στην τοπική κοινωνία. Πιο συγκεκριμένα, το εγχειρίδιο: • «αγκαλιάζει» το συνολικό κλάδο της πολιτισμικής διαχείρισης, με αναφορά στην (υλική καθώς και στην άυλη) πολιτισμική κληρονομιά και στη σύγχρονη πολιτισμική-καλλιτεχνική δημιουργία• προσεγγίζει τη βιώσιμη ανάπτυξη με τρόπο διεπιστημονικό  • εστιάζει στην τοπική κοινωνία και στον καθοριστικό ρόλο της για τη σύνδεση πολιτισμικής διαχείρισης και βιώσιμης ανάπτυξης• αναδεικνύει ορισμένους ιδιαίτερα σημαντικούς – αλλά και συχνά προβληματικούς σε σχέση με την πολιτισμική διαχείριση – τομείς βιώσιμης ανάπτυξης στην Ελλάδα: α) το τουριστικό branding τόπων και β) τις επενδύσεις Ανανεώσιμων Πηγών ΕνέργειαςΜεθοδολογίαΤο εγχειρίδιο συνδέει τη θεωρία (θεωρητικό πλαίσιο και αρχές) και την πράξη (παραδείγματα έρευνας) καθώς και τη διεθνή και την ελληνική πραγματικότητα.Απώτερος σκοπός είναι να εξετάσει: α) πώς η ελληνική πραγματικότητα εντάσσεται στις διεθνείς εξελίξεις, αλλά και β) πώς η ελληνική πραγματικότητα μπορεί να συμβάλει στην πρόοδο των διεθνών εξελίξεων.Δομή Καθορίζεται από τους επιμέρους τομείς της πολιτισμικής διαχείρισης.Σε ποιους απευθύνεταιΣτο πλαίσιο της βιώσιμης ανάπτυξης και λόγω του διεπιστημονικού του χαρακτήρα, το εγχειρίδιο απευθύνεται ως βοήθημα (συμπληρωματικό-ενισχυτικό του κύριου συγγράμματος) σε προπτυχιακούς φοιτητές διαφόρων τμημάτων: π.χ. κοινωνιολογίας, αρχαιολογίας, πολιτισμικών σπουδών, τουριστικών σπουδών και τεχνικών/ενεργειακών έργων.</subfield>
  </datafield>
  <datafield tag="650" ind1=" " ind2="0">
   <subfield code="a">Cultural heritage and contemporary life</subfield>
   <subfield code="8">1974</subfield>
  </datafield>
  <datafield tag="650" ind1=" " ind2="0">
   <subfield code="a">Sustainable development</subfield>
   <subfield code="8">1975</subfield>
  </datafield>
  <datafield tag="653" ind1=" " ind2=" ">
   <subfield code="a">Μουσεία</subfield>
  </datafield>
  <datafield tag="653" ind1=" " ind2=" ">
   <subfield code="a">Σύγχρονη πολιτισμική-καλλιτεχνική δημιουργία</subfield>
  </datafield>
  <datafield tag="653" ind1=" " ind2=" ">
   <subfield code="a">Ανανεώσιμες πηγές ενέργειας</subfield>
  </datafield>
  <datafield tag="653" ind1=" " ind2=" ">
   <subfield code="a">Τουρισμός</subfield>
  </datafield>
  <datafield tag="653" ind1=" " ind2=" ">
   <subfield code="a">Προβολή / βραδινού τόπου</subfield>
  </datafield>
  <datafield tag="653" ind1=" " ind2=" ">
   <subfield code="a">Αυλή πολιτισμική κληρονομιά</subfield>
  </datafield>
  <datafield tag="653" ind1=" " ind2=" ">
   <subfield code="a">Υλική πολιτισμική κληρονομιά</subfield>
  </datafield>
  <datafield tag="653" ind1=" " ind2=" ">
   <subfield code="a">Πολιτισμική ταυτότητα</subfield>
  </datafield>
  <datafield tag="653" ind1=" " ind2=" ">
   <subfield code="a">Βιώσιμη ανάπτυξη</subfield>
  </datafield>
  <datafield tag="653" ind1=" " ind2=" ">
   <subfield code="a">Πολιτισμική διαχείριση</subfield>
  </datafield>
  <datafield tag="653" ind1=" " ind2=" ">
   <subfield code="a">Τοπική κοινωνία</subfield>
  </datafield>
  <datafield tag="653" ind1=" " ind2=" ">
   <subfield code="a">Τέχνες και γράμματα</subfield>
   <subfield code="a">Τέχνες του θεάματος</subfield>
  </datafield>
  <datafield tag="653" ind1=" " ind2=" ">
   <subfield code="a">Ιστορία</subfield>
   <subfield code="a">Αρχαιολογία</subfield>
  </datafield>
  <datafield tag="653" ind1=" " ind2=" ">
   <subfield code="a">Οικονομικές επιστήμες</subfield>
   <subfield code="a">Οικονομική ανάπτυξη, τεχνολογική αλλαγή και ανάπτυξη</subfield>
  </datafield>
  <datafield tag="653" ind1=" " ind2=" ">
   <subfield code="a">Τεχνολογία και επιστήμες των μηχανικών</subfield>
   <subfield code="a">Ηλεκτρολογία, ενεργειακή τεχνολογία και μηχανική</subfield>
  </datafield>
  <datafield tag="653" ind1=" " ind2=" ">
   <subfield code="a">Κοινωνιολογία</subfield>
   <subfield code="a">Κοινωνική αλλαγή και οικονομική ανάπτυξη</subfield>
  </datafield>
  <datafield tag="700" ind1="1" ind2=" ">
   <subfield code="a">Τουλούπα, Σμαράγδα</subfield>
   <subfield code="e">Συγγραφέας</subfield>
   <subfield code="8">184</subfield>
  </datafield>
  <datafield tag="700" ind1="1" ind2=" ">
   <subfield code="a">Προσύλης, Χρήστος</subfield>
   <subfield code="e">Συγγραφέας</subfield>
   <subfield code="8">185</subfield>
  </datafield>
  <datafield tag="700" ind1="1" ind2=" ">
   <subfield code="a">Παπαδάκη, Μαρία</subfield>
   <subfield code="e">Συγγραφέας</subfield>
   <subfield code="8">186</subfield>
  </datafield>
  <datafield tag="700" ind1="1" ind2=" ">
   <subfield code="a">Μούλιου, Μαρλέν (Μαρία)</subfield>
   <subfield code="e">Συγγραφέας</subfield>
   <subfield code="8">187</subfield>
  </datafield>
  <datafield tag="700" ind1="1" ind2=" ">
   <subfield code="a">Μάσχα, Εύχαρις</subfield>
   <subfield code="e">Συγγραφέας</subfield>
   <subfield code="8">188</subfield>
  </datafield>
  <datafield tag="700" ind1="1" ind2=" ">
   <subfield code="a">Καραχάλης, Νικόλαος Γεώργιος</subfield>
   <subfield code="e">Συγγραφέας</subfield>
   <subfield code="8">189</subfield>
  </datafield>
  <datafield tag="700" ind1="1" ind2=" ">
   <subfield code="a">Γιαννακίδης, Αλέξανδρος</subfield>
   <subfield code="e">Συγγραφέας</subfield>
   <subfield code="8">190</subfield>
  </datafield>
  <datafield tag="700" ind1="1" ind2=" ">
   <subfield code="a">Αραμπατζής, Γεώργιος</subfield>
   <subfield code="e">Συγγραφέας</subfield>
   <subfield code="8">191</subfield>
  </datafield>
  <datafield tag="700" ind1="1" ind2=" ">
   <subfield code="a">Αλιβιζάτου, Μαριλένα</subfield>
   <subfield code="e">Συγγραφέας</subfield>
   <subfield code="8">192</subfield>
  </datafield>
  <datafield tag="700" ind1="1" ind2=" ">
   <subfield code="a">Πρέπης, Αλκιβιάδης</subfield>
   <subfield code="e">Κριτικός αναγνώστης</subfield>
   <subfield code="8">193</subfield>
  </datafield>
  <datafield tag="856" ind1="4" ind2="0">
   <subfield code="u">http://hdl.handle.net/11419/2394</subfield>
   <subfield code="z">Πλήρες Κείμενο - Full text</subfield>
  </datafield>
  <datafield tag="907" ind1=" " ind2=" ">
   <subfield code="a">.b25680997</subfield>
   <subfield code="b">12-06-18</subfield>
   <subfield code="c">29-07-16</subfield>
  </datafield>
  <datafield tag="949" ind1=" " ind2=" ">
   <subfield code="0">0</subfield>
   <subfield code="1">0</subfield>
   <subfield code="2">ddc</subfield>
   <subfield code="4">0</subfield>
   <subfield code="6">306_400000000000000_ΠΟΥ</subfield>
   <subfield code="7">0</subfield>
   <subfield code="8">KALL</subfield>
   <subfield code="8">858</subfield>
   <subfield code="d">2016-04-13</subfield>
   <subfield code="r">2016-04-13</subfield>
   <subfield code="w">2016-04-13</subfield>
   <subfield code="z">306.4 ΠΟΥ</subfield>
   <subfield code="o">SEAB KALLIPOS</subfield>
  </datafield>
  <datafield tag="998" ind1=" " ind2=" ">
   <subfield code="a">80</subfield>
   <subfield code="a">01</subfield>
   <subfield code="a">02</subfield>
   <subfield code="a">03</subfield>
   <subfield code="a">04</subfield>
   <subfield code="a">05</subfield>
   <subfield code="a">06</subfield>
   <subfield code="a">07</subfield>
   <subfield code="a">08</subfield>
   <subfield code="a">09</subfield>
   <subfield code="a">10</subfield>
   <subfield code="a">11</subfield>
   <subfield code="a">12</subfield>
   <subfield code="a">13</subfield>
   <subfield code="a">14</subfield>
   <subfield code="a">15</subfield>
   <subfield code="a">16</subfield>
   <subfield code="a">17</subfield>
   <subfield code="a">18</subfield>
   <subfield code="a">19</subfield>
   <subfield code="a">20</subfield>
   <subfield code="a">21</subfield>
   <subfield code="a">22</subfield>
   <subfield code="a">23</subfield>
   <subfield code="a">24</subfield>
   <subfield code="a">25</subfield>
   <subfield code="a">26</subfield>
   <subfield code="b">22-05-17</subfield>
   <subfield code="c">m</subfield>
   <subfield code="d">z  </subfield>
   <subfield code="e">-</subfield>
   <subfield code="f">gre</subfield>
   <subfield code="g">gr </subfield>
   <subfield code="h">0</subfield>
  </datafield>
  <datafield tag="942" ind1=" " ind2=" ">
   <subfield code="2">ddc</subfield>
   <subfield code="c">KALLIPOS</subfield>
  </datafield>
 </record>
</collection>
